000 00610nam a22002297a 4500
003 UA-OsUOA
001 87505
007 ta
008 20120919b un ||||| |||| 00| 0 ukr d
100 _aСпирин Л.
090 _a94
_bС 72
942 _cBK
040 _aUA-OsUOA
_brus
_cUA-OsUOA
_dUA-OsUOA
245 _aКлассы и партии в гражданской войне в России
300 _a438 с.
955 _a4
041 _arus
080 _a94
260 _aМ.
_bМысль
_c1968
650 7 _a9 Географія. Біографії. Історія
_2UDC
999 _c373835
_d373835